Największe europejskie miasta na literę C - Quiz z mapą - Statystyki

Ogólne statystyki
  • Ten quiz został rozwiązany 109 razy
  • Średni wynik to 8 z 20
Odpowiedzi na mapie
Odpowiedzi zakodowano w zielono-czerwonej skali na mapie do tego quizu, zgodnie z poniższymi procentami.
 
Statystyki odpowiedzi
Liczba
Ludności
Kraj Miasto % Poprawnych
208282 Polska Częstochowa
93%
1433886 Ukraina Charków
91%
361468 Wielka Brytania Cardiff
70%
222333 Irlandia Cork
68%
149572 Włochy Cagliari
57%
244285 Wielka Brytania Coventry
43%
283649 Ukraina Chersoń
41%
200496 Belgia Charleroi
38%
242022 Niemcy Chemnitz
30%
269836 Ukraina Czerkasy
28%
152740 Wielka Brytania Cambridge
26%
273713 Ukraina Chmielnicki
26%
140816 Portugalia Coimbra
25%
287490 Ukraina Czernihów
24%
130245 Wielka Brytania Colchester
21%
265471 Ukraina Czerniowce
21%
146734 Francja Clermont-Ferrand
20%
180204 Hiszpania Castello de la Plana
15%
259550 Rosja Chimki
8%
314834 Rosja Czerepowiec
7%
Nie znaleziono quizów pasujących do podanych kryteriów
Rozkład punktacji
Procent ludzi z każdym wynikiem
Percentyl według liczby udzielonych odpowiedzi
Twoja historia wyników
Nie rozwiązałeś tego quizu